Normal view
MARC view
Entry Personal Name
001 - CONTROL NUMBER
- control field: 99095
003 - CONTROL NUMBER IDENTIFIER
- control field: OSt
005 - DATE AND TIME OF LATEST TRANSACTION
- control field: 20220918201510.0
008 - FIXED-LENGTH DATA ELEMENTS
- fixed length control field: 220918|| aca||aabn | a|a d
040 ## - CATALOGING SOURCE
- Original cataloging agency: OSt
- Transcribing agency: OSt
100 ## - HEADING--PERSONAL NAME
- Personal name: Delegation of India on the Sixteenth Refular Session. the first and teh second Resumed Session of The United natiosn General assembly
670 ## - SOURCE DATA FOUND
- Source citation: Work cat.: (OSt)218009: Delegation of India on the Sixteenth Refular Session. the first and teh second Resumed Session of The United natiosn General assembly 99094, Report, 1969
